000 00752nam a2200217Ia 4500
003 OSt
005 20260306152405.0
008 220923b |||||||| |||| 00| 0 eng d
020 _a9780691151779
037 _cGeneral Book
040 _aRTL
_cRTL
_beng
041 _2eng
_aeng
084 _aY:4582.236.P02, Q2
_qRTL
100 _aFachandi Parvis Ghassem
_9314020
245 0 _aPogrom in Gujarat: Hindu nationalism and anti Muslim violence in India
260 _aNew Jersey
_bPrinceton University Press
_c2012
300 _a 336 p.
_bIncludes bibliographical references and index
650 _aSociology
942 _hY:4582.236.P02, Q2
_cGB
_2CC
999 _c619818
_d619818